Máquina de control numérico computarizado CNC de cuatro ejes con comunicación USB para la automatización de los procesos de grabado en madera, plástico y materiales no convencionales

Presenta el diseño e implementación de una máquina de control numérico computarizado CNC de cuatro ejes con comunicación USB para la automatización de los procesos de grabado en madera, plástico y materiales no convencionales.

Bibliographic Details
Main Authors: Úbeda Sequeira, Leslie Eduardo, Jiménez López, Yamil Odell
Other Authors: Tutor: Méndez Talavera, Alejandro Alberto
Format: Tesis Section = Libro
Language:Undetermined
Spanish
Published: Managua UNI 2011
Subjects:
LEADER 01229nam a2200265Ia 4500
008 240830s9999 xx 000 0 und d
040 |a BIBLIOTECA-RUSB/ Mon 621.9023 U13 
041 |a spa 
082 |a Mon 621.9023 U13 
100 1 |a Úbeda Sequeira, Leslie Eduardo 
100 1 |b Jiménez López, Yamil Odell 
245 1 0 |a Máquina de control numérico computarizado CNC de cuatro ejes con comunicación USB para la automatización de los procesos de grabado en madera, plástico y materiales no convencionales 
260 |a Managua  |b UNI  |c 2011 
300 |a 62 p. :il. 
500 |a Contiene: anexos. 
502 |a Tesis (Ingeniero Electrónico) - UNI, 2011. 
520 3 |a Presenta el diseño e implementación de una máquina de control numérico computarizado CNC de cuatro ejes con comunicación USB para la automatización de los procesos de grabado en madera, plástico y materiales no convencionales. 
650 7 |a CONTROL NUMÉRICO - MAQUINAS HERRAMIENTAS 
650 7 |b  PROGRAMACION 
650 7 |c  ELECTRÓNICA - CONTROL DE MOTORES 
650 7 |d  INTERFAZ USB DE COMUNICACIÓN CON LA PC 
700 1 |a Tutor:  |b Méndez Talavera, Alejandro Alberto 
942 |c BK  |2 ddc 
991 |a TESIS 
999 |c 20361